The propositional logic of Boethius /

Guardado en:
Autor Principal: Dürr, Karl.
Formato: Libro
Idioma:English
German
Publicado: Amsterdam : North-Holland, 1951.
Series:Studies in logic and the foundations of mathematics
Etiquetas: Agregar Etiqueta
Sin Etiquetas, Sea el primero en etiquetar este registro!
LEADER 00579nam a22001695a 4500
001 MAT.inmabb000308
008 031211s1951####ne############000#0#eng#d
005 20110228161659.0
245 1 4 |a The propositional logic of Boethius /  |c Karl Dürr ; [translated from the German by Norman M. Martin]. 
260 |a Amsterdam :  |b North-Holland,  |c 1951. 
300 |a x, 79 p. ;  |c 22 cm. 
440 0 |a Studies in logic and the foundations of mathematics 
510 4 |a MR,  |c 14,524d 
100 1 |a Dürr, Karl. 
084 |a 03-03 (01A35)  |2 msc2000 
041 1 |a eng  |h ger 
859 |h 03  |i D965  |p A-47  |b BIB. MATEMATICA